| 000 | 01968 am a2200481 a 4500 | ||
|---|---|---|---|
| 005 | 20240530114603.0 | ||
| 008 | 110329s2009||||sp a |||||||||||||spa d | ||
| 020 | _a9788498351484 | ||
| 041 | _aspa | ||
| 092 |
_c616.0757 _l53 _sMOL |
||
| 100 | 1 |
_aMöller, Torsten B. _92 |
|
| 245 |
_aAtlas de bolsillo de Cortes Anatómicos. Tomografía Computarizada y Resonancia Magnética. _bT.1 Cabeza y Cuello / _cTorsten B. Möller |
||
| 250 | _a3a ed. revisada y actualizada. | ||
| 260 |
_aMadrid: _bEditorial Médica Panamericana; _c2009. |
||
| 300 |
_a264 p. _b413 ilustraciones |
||
| 500 | _aMöller, T. B. y Reif, E. (2009). Atlas de bolsillo de cortes anatómicos. Tomografía computarizada y resonancia magnética. T.1 Cabeza y cuello. (3a ed.). Madrid : Editorial Médica Panamericana | ||
| 590 | _aCompra FACIMED 2011 | ||
| 653 | _aTC craneal: Axial (cantomeatal) | ||
| 653 | _aTC craneal: Territorios vasculares (axial) | ||
| 653 | _aTC craneal: Sistemas neurofuncionales (axial) | ||
| 653 | _aTC de la porción petrosa del hueso temporal: axial | ||
| 653 | _aTC craneal: Coronal | ||
| 653 | _aEspacios en el esqueleto facial: Coronal | ||
| 653 | _aRM craneal: Axial (plano horizontal) | ||
| 653 | _aRM craneal: Territorios vasculares (axial) | ||
| 653 | _aRM craneal: Sagital | ||
| 653 | _aRM craneal: Territorios vasculares (sagital) | ||
| 653 | _aRM craneal: Coronal | ||
| 653 | _aRM craneal: Territorios vasculares (coronal) | ||
| 653 | _aRM craneal: Sistemas neurofuncionales (coronal) | ||
| 653 | _aAngiografía craneal por RM: Arterial | ||
| 653 | _aAngiografía craneal por RM: Venosa | ||
| 653 | _aCuello: Axial | ||
| 653 | _aGanglios linfáticos cervicales: Axial | ||
| 653 | _aEspacios cervicales: Axial | ||
| 653 | _aLaringe: Axial | ||
| 653 | _aCuello: Sagital | ||
| 653 | _aEspacios cervicales: Sagital | ||
| 655 |
_aCuello: Coronal _93867 |
||
| 700 | 1 |
_aReif, Emil. _93 |
|
| 930 | _a2207 | ||
| 942 |
_2ddc _cBK |
||
| 999 |
_c809 _d809 |
||